| 000 | 00623nam a2200229Ia 4500 | ||
|---|---|---|---|
| 003 | 0100 | ||
| 008 | 130303s9999 xx 000 0 und d | ||
| 020 | _a0070330050 | ||
| 040 | _cARRUPELIB | ||
| 050 | _aBJ21.J63 1962 | ||
| 245 | _aApproaches to ethics | ||
| 245 | _brepresentative selections from classical times to the present | ||
| 250 | _a2nd ed. | ||
| 260 | _aNew York | ||
| 260 | _bMcGraw-Hill Co., Inc. | ||
| 260 | _C1962 | ||
| 300 | _axxvi | ||
| 300 | _b 674p. 26cm. | ||
| 650 | _aETHICS | ||
| 700 | _aJones, W.T. , Sontag, Frederick, Beckner, Morton O. and Fogelin, Robert J. (eds.) | ||
| 942 | 0 | 0 | _02 |
| 999 |
_c43662 _d43662 |
||